[Event "Asia-ch U08 Girls"]
[Site "Al Ain"]
[Date "2023.12.17"]
[Round "5"]
[White "Abibulla, Inzhu"]
[Black "Makalew, Veronica Jefany She"]
[Result "1-0"]
[WhiteElo "1101"]
[BlackElo "1103"]
[PlyCount "169"]
[EventDate "2023.12.14"]
[EventType "swiss"]
[EventRounds "9"]
[EventCountry "UAE"]
[SourceTitle "EXT 2025"]
[Source "ChessBase"]
[SourceDate "2024.10.14"]
[SourceVersion "1"]
[SourceVersionDate "2024.10.14"]
[SourceQuality "1"]

1. e4 c5 2. Nf3 e6 3. c3 d5 4. exd5 Qxd5 5. Bb5+ Nc6 6. 0-0 a6 7. Bxc6+ Qxc6 8. d4 Nf6 9. Bf4 Bd6 10. Bxd6 Qxd6 11. dxc5 Qxc5 12. Nbd2 0-0 13. Nb3 Qc7 14. Qc2 Bd7 15. Rad1 Bc6 16. Nbd4 Bd5 17. Rfe1 Rfe8 18. Ne5 b5 19. a3 Qb7 20. Ndf3 Rac8 21. Qd2 h6 22. Qf4 Qc7 23. Qd4 Rcd8 24. Qf4 Bxf3 25. Qxf3 Rxd1 26. Qxd1 Rd8 27. Qf3 Rd5 28. Nd3 Qb8 29. h3 Rd8 30. Nb4 Rd6 31. Rd1 Nd7 32. Rxd6 Qxd6 33. Qa8+ Nb8 34. Nxa6 Qxa6 35. Qxb8+ Kh7 36. Qf4 Qb7 37. Qe3 Qd5 38. Qe2 Qf5 39. f3 Qc5+ 40. Qf2 Qf5 41. Qe1 Qc5+ 42. Kf1 Qc4+ 43. Qe2 Qc5 44. Qd3+ Kg8 45. Qd4 Qc6 46. b3 Qa6 47. Qb4 Qc6 48. c4 bxc4 49. Qxc4 Qb6 50. a4 Kf8 51. b4 Ke8 52. a5 Qd8 53. Ke2 Qb8 54. a6 Qe5+ 55. Kd3 Qd6+ 56. Kc3 Qe5+ 57. Kb3 Kd8 58. Ka4 Qd6 59. Qb5 Qc7 60. Qa5 Kc8 61. Qxc7+ Kxc7 62. Kb5 f5 63. Kc5 e5 64. Kd5 Kb6 65. b5 e4 66. fxe4 fxe4 67. Kxe4 g5 68. Kf5 Ka7 69. Kg6 Kb6 70. Kxh6 g4 71. hxg4 Ka7 72. g5 Kb6 73. g6 Ka7 74. g7 Kb6 75. g8Q Kxb5 76. Qd5+ Kxa6 77. Qc5 Kb7 78. Kg6 Ka8 79. Kf6 Kb7 80. Ke6 Ka8 81. Kd6 Kb7 82. Kd7 Ka8 83. Qb5 Ka7 84. Kc7 Ka8 85. Qb7# 1-0